First word book/ (Record no. 49753)
| 000 -LEADER | |
|---|---|
| fixed length control field | 00652nam a2200145 4500 |
| 020 ## - INTERNATIONAL STANDARD BOOK NUMBER | |
| International Standard Book Number | 9780753404416 |
| 100 ## - MAIN ENTRY--PERSONAL NAME | |
| Personal name | Reid, Camilla, |
| Relator term | author. |
| 9 (RLIN) | 86102 |
| 245 ## - TITLE STATEMENT | |
| Title | First word book/ |
| Statement of responsibility, etc | edited by Camilla Reild, Illustrated by Manda Stanley. |
| 260 ## - PUBLICATION, DISTRIBUTION, ETC. (IMPRINT) | |
| Place of publication, distribution, etc | London: |
| Name of publisher, distributor, etc | Kingfisher; |
| Date of publication, distribution, etc | 2000. |
| 300 ## - PHYSICAL DESCRIPTION | |
| Extent | 48 pages. |
| Dimensions | 23.8 x 1.2 x 28.8 cm. |
| 500 ## - GENERAL NOTE | |
| General note | Using high-frequency words that children should need in their reading, this is an approachable first reading book for 4 years and up. It includes practical tips for parents and is clearly laid out with colourful artwork. |
| 650 ## - SUBJECT ADDED ENTRY--TOPICAL TERM | |
| 9 (RLIN) | 21550 |
| Topical term or geographic name as entry element | Vocabulary. |
| 650 ## - SUBJECT ADDED ENTRY--TOPICAL TERM | |
| 9 (RLIN) | 82872 |
| Topical term or geographic name as entry element | English language |
| 942 ## - ADDED ENTRY ELEMENTS (KOHA) | |
| Source of classification or shelving scheme | |
| Koha item type | Book |
| Withdrawn status | Lost status | Source of classification or shelving scheme | Damaged status | Not for loan | Home library | Current library | Date acquired | Total Checkouts | Full call number | Barcode | Date last seen | Date checked out | Price effective from | Koha item type |
|---|---|---|---|---|---|---|---|---|---|---|---|---|---|---|
| Logos International School | Logos International School | 11/13/2025 | 1 | J 428.1 REI | 041956 | 12/17/2025 | 12/12/2025 | 11/13/2025 | Book |